| 000 | nam a22 7a 4500 | ||
|---|---|---|---|
| 999 |
_c126429 _d126429 |
||
| 008 | 170412b xxu||||| |||| 00| 0 eng d | ||
| 050 | _aB1618.A574 M685 | ||
| 245 |
_aG.E.M Anscombe and human dignity _cEdited by John Mizzoni |
||
| 260 |
_aAston _bNeumann university _c2016 |
||
| 300 |
_a175p. ; _c22cm. |
||
| 600 |
_aAnscombe,Gertrude Elizabeth Margaret _929894 |
||
| 700 |
_aMizzoni, John _eed. _930296 |
||
| 942 |
_2lcc _cMONOGRAPH |
||